Thế nào là Phật tử ?

Tên sách tiếng Anh: What makes you not a Buddhist; Giới thiệu thông điệp của bốn pháp ấn do chính Đức Phật tuyên thuyết giảng giải cho các phật tử về các triết lí của Đạo Phật về: hữu vi và vô thường, cảm thọ và khổ đau, mọi sự đều là kho...

Popoln opis

Shranjeno v:
Bibliografske podrobnosti
Glavni avtor: Khyentse, Dzongsar Jamyang
Drugi avtorji: Trần, Tuấn Mẫn
Format: Knjiga
Jezik:Undetermined
Izdano: H. Lao động ; Công ty Sách Thái Hà 2019
Teme:
Online dostop:http://lrc.tdmu.edu.vn/opac/search/detail.asp?aID=2&ID=38193
Oznake: Označite
Brez oznak, prvi označite!
Thư viện lưu trữ: Trung tâm Học liệu Trường Đại học Thủ Dầu Một
LEADER 01195nam a2200217Ia 4500
001 TDMU_38193
008 210410s9999 xx 000 0 und d
082 |a 658.45 
090 |b KH601 
100 |a Khyentse, Dzongsar Jamyang 
245 0 |a Thế nào là Phật tử ? 
245 0 |c Dzongsar Jamyang Khyentse ; Trần Tuấn Mẫn, Nguyễn Thị Tú Oanh (dịch) 
260 |a H. 
260 |b Lao động ; Công ty Sách Thái Hà 
260 |c 2019 
300 |a 229tr. 
520 |a Tên sách tiếng Anh: What makes you not a Buddhist; Giới thiệu thông điệp của bốn pháp ấn do chính Đức Phật tuyên thuyết giảng giải cho các phật tử về các triết lí của Đạo Phật về: hữu vi và vô thường, cảm thọ và khổ đau, mọi sự đều là không, niết bàn vượt ngoài các khái niệm 
650 |a Đạo Phật  |x Phật tử  |x Triết lí 
700 |a Trần, Tuấn Mẫn 
856 |u http://lrc.tdmu.edu.vn/opac/search/detail.asp?aID=2&ID=38193 
980 |a Trung tâm Học liệu Trường Đại học Thủ Dầu Một